Innovative und wirtschaftliche Bauteile durch Pulvermetallurgie : Vorträge anlässlich des Symposium am 25./26.November 1993 in Hagen

Enregistré dans:
Détails bibliographiques
Format: Livre
Langue:allemand
Publié: Düsseldorf : VDI Verlag, 1993
Sujets:
Tags: Ajouter un tag
Pas de tags, Soyez le premier à ajouter un tag!

MARC

LEADER 00000nam a22000003a 4500
001 stu44526
005 20150408180424.6
008 950412s1993----gw------------------ger-d
020 |a 3-18-401366-9 
040 |a STU  |b slo 
041 0 |a ger 
044 |a gw 
080 |a 621.762 
245 |a Innovative und wirtschaftliche Bauteile durch Pulvermetallurgie :  |b Vorträge anlässlich des Symposium am 25./26.November 1993 in Hagen 
260 |a Düsseldorf :  |b VDI Verlag,  |c 1993 
300 |a 436 s 
650 7 |a metalurgia prášková  |2 stusub 
996 |b 284M061620  |c M*9052-1  |l MMKN  |s A  |a 24  |w stu44526_0001